000 01186nam a22004094a 4500
001 UByD003315
003 AR-LpoUNG
005 20241101151902.0
008 241101s2024 ag 000 0dspa d
020 _a9789876307550
040 _aAR-LpoUNG
_bspa
_cAR-LpoUNG
_eaacr
041 0 _aspa
082 0 _a320.092 473ani
100 1 _aÁlvarez Ruiz, Fermín
245 1 0 _aAníbal Quijano :
_buna sociología de la heterogeneidad histórico cultural
250 _a1ra. ed.
260 _aBuenos Aires :
_bUniversidad Nacional de General Sarmiento,
_c2024.
300 _a67 p.
490 0 _aPensadores y pensadoras de América Latina ;
_vno. 32
650 4 _aSOCIOLOGIA
650 4 _aINTELECTUALES
650 4 _aBIOGRAFIAS
650 4 _aTEORIA POLITICA
650 4 _aCOLONIALISMO
650 4 _aDEPENDENCIA
650 4 _aIMPERALISMO
650 4 _aEMANCIPACION
650 4 _aMARXISMO
650 4 _aASPECTOS POLITICOS
650 4 _aASPECTOS SOCIALES
651 4 _aAMERICA LATINA
653 0 _aPENSAMIENTO LATINOAMERICANO
700 1 _aGuiller, Diego
_eintr.
700 1 _aLópez, María Pía
_eintr.
700 1 _aTzeiman, Andrés
_eintr.
942 _2ddc
_cLIB
999 _c65979
_d65979